Délmagyarország. - 1917. március 6., Kedd
Elmentve itt :
| Dokumentumtípus: | Újság |
|---|---|
| Megjelent: |
1917-03-06
|
| Sorozat: | Délmagyarország
6 No. 54 |
| Online Access: | http://dmarchiv.bibl.u-szeged.hu/2441 |
| LEADER | 00482nas a2200145 i 4500 | ||
|---|---|---|---|
| 001 | delm2441 | ||
| 005 | 20200414150159.0 | ||
| 008 | 171213s1917 hu n o 0|| hun d | ||
| 022 | |a 0133-025X | ||
| 040 | |a SZTE Délmagyarország Archívum |b hun | ||
| 041 | |a hun | ||
| 245 | 0 | 0 | |a Délmagyarország. - 1917. március 6., Kedd |h [elektronikus dokumentum] |
| 260 | |c 1917-03-06 | ||
| 490 | 0 | |a Délmagyarország |v 6 No. 54 | |
| 856 | 4 | 0 | |u http://dmarchiv.bibl.u-szeged.hu/2441/1/dm_1917_054.pdf |z Dokumentum-elérés |